Marketing journal

Salvato in:
Dettagli Bibliografici
Natura: Periodico
Lingua:tedesco
Pubblicazione: Hamburg Marketing Journal 1996
Soggetti:
Tags: Aggiungi Tag
Nessun Tag, puoi essere il primo ad aggiungerne!!

MARC

LEADER 00000nas2a2200000 4500
001 s108091
005 20221221071043.6
022 |a 0025-3774 
041 0 |a ger 
044 |a DE 
245 1 0 |a Marketing journal 
264 1 |a Hamburg  |b Marketing Journal  |c 1996 
300 |a 1 zv. 
773 0 |w eu_un_cat*s120184 
610 2 0 |a marketing